| 000 | 00679nam a2200205Ia 4500 | ||
|---|---|---|---|
| 003 | GCL | ||
| 008 | 140319s9999 xx 000 0 eng d | ||
| 020 | _a0312136005 | ||
| 040 |
_aGCL / _cGCL |
||
| 082 | 0 | 4 |
_a328.73092 _bH S |
| 100 | 1 | _aHILTON, STANLEY G. | |
| 245 | 1 | 0 |
_aSENATOR FOR SALE : _bAN UNAUTHORIZED BIOGRAPHY SENATOR BOB DOLE / _cHILTON, STANLEY G. |
| 260 |
_aنيويورك : _bST. MARTINS PRESS ، _c1995 |
||
| 300 |
_a25 CM ؛ _c308 P |
||
| 650 | 0 | 4 | _aLEGISLATORS - UNITED STATES - BIOGRAPHY |
| 650 | 0 | 4 | _aDOLE, ROBERT J. , 1923 |
| 650 | 0 | 4 | _aUNITED STATES - CONGRESS SENATE - BIOGRAPHY |
| 650 | 0 | 4 | _aPRESIDENTIAL CANDIDATES - U.S - BIOGRAPHY |
| 942 |
_2ddc _cBK |
||
| 999 |
_c4679 _d4679 |
||